[Event "Villarobledo Online Qualifyer"]
[Site "playchess.com #155672"]
[Date "2009.05.23"]
[Round "1"]
[White "Musterlukas"]
[Black "Golden eye"]
[Result "0-1"]
[WhiteElo "1725"]
[BlackElo "2535"]
[PlyCount "72"]
[EventDate "2009.05.23"]
[EventType "swiss (blitz)"]

1. d4 {[%emt 0:00:04]} Nf6 {[%emt 0:00:01]} 2. Nf3 {[%emt 0:00:02]} g6 {[%emt
0:00:01]} 3. c4 {[%emt 0:00:02]} Bg7 {[%emt 0:00:02]} 4. Nc3 {[%emt 0:00:02]}
d5 {[%emt 0:00:01]} 5. Bg5 {[%emt 0:00:03]} Ne4 {[%emt 0:00:01]} 6. Bh4 {[%emt
0:00:04]} Nxc3 {[%emt 0:00:01]} 7. bxc3 {[%emt 0:00:01]} dxc4 {[%emt 0:00:00]}
8. e4 {[%emt 0:00:02]} c5 {[%emt 0:00:05]} 9. Bxc4 {[%emt 0:00:07]} cxd4 {
[%emt 0:00:01]} 10. O-O {[%emt 0:00:07]} Nc6 {[%emt 0:00:11]} 11. cxd4 {[%emt
0:00:09]} Nxd4 {[%emt 0:00:01]} 12. Nxd4 {[%emt 0:00:06]} Qxd4 {[%emt 0:00:01]}
13. Bb5+ {[%emt 0:00:03]} Bd7 {[%emt 0:00:04]} 14. Qb3 {[%emt 0:00:08]} Bxb5 {
[%emt 0:00:08]} 15. Qxb5+ {[%emt 0:00:02]} Qd7 {[%emt 0:00:01]} 16. Qxd7+ {
[%emt 0:00:10]} Kxd7 {[%emt 0:00:00]} 17. Rad1+ {[%emt 0:00:02]} Ke6 {[%emt 0:
00:07]} 18. f4 {[%emt 0:00:22]} f6 {[%emt 0:00:08]} 19. f5+ {[%emt 0:00:09]}
Kf7 {[%emt 0:00:03]} 20. Rd7 {[%emt 0:00:02]} b6 {[%emt 0:00:09]} 21. Rc1 {
[%emt 0:00:09]} Rhd8 {[%emt 0:00:08]} 22. Rcc7 {[%emt 0:00:03]} Rxd7 {[%emt 0:
00:01]} 23. Rxd7 {[%emt 0:00:02]} gxf5 {[%emt 0:00:05]} 24. exf5 {[%emt 0:00:
02]} Ke8 {[%emt 0:00:02]} 25. Rb7 {[%emt 0:00:11]} Bh6 {[%emt 0:00:05]} 26. g4
{[%emt 0:01:02]} Be3+ {[%emt 0:00:04]} 27. Kg2 {[%emt 0:00:02]} Bc5 {[%emt 0:
00:06]} 28. Bf2 {[%emt 0:00:05]} Bd6 {[%emt 0:00:06]} 29. Bg3 {[%emt 0:00:06]}
Bb4 {[%emt 0:00:12]} 30. h4 {[%emt 0:00:09]} Ba5 {[%emt 0:00:20]} 31. g5 {
[%emt 0:00:02]} Kf7 {[%emt 0:00:05]} 32. Bf2 {[%emt 0:00:08]} Rd8 {[%emt 0:00:
08]} 33. Rxa7 {[%emt 0:00:02]} Rd5 {[%emt 0:00:04]} 34. gxf6 {[%emt 0:00:09]}
Kxf6 {[%emt 0:00:01]} 35. Bxb6 {[%emt 0:00:03]} Bxb6 {[%emt 0:00:01]} 36. Ra6 {
[%emt 0:00:02]} Rd6 {[%emt 0:00:01] Musterlukas resigns} 0-1

[Event "Villarobledo Online Qualifyer"]
[Site "playchess.com #155672"]
[Date "2009.05.23"]
[Round "1"]
[White "Tomik Trhal"]
[Black "Timeh123"]
[Result "1-0"]
[WhiteElo "2167"]
[BlackElo "1530"]
[PlyCount "69"]
[EventDate "2009.05.23"]
[EventType "swiss (blitz)"]

1. e4 {[%emt 0:00:02]} d5 {[%emt 0:00:04]} 2. exd5 {[%emt 0:00:11]} Nf6 {[%emt
0:00:03]} 3. d4 {[%emt 0:00:03]} Nxd5 {[%emt 0:00:02]} 4. Nf3 {[%emt 0:00:01]}
Nc6 {[%emt 0:00:03]} 5. c4 {[%emt 0:00:03]} Nf6 {[%emt 0:00:07]} 6. d5 {[%emt
0:00:01]} Nb8 {[%emt 0:00:33]} 7. Nc3 {[%emt 0:00:03]} Bg4 {[%emt 0:00:01]} 8.
Be2 {[%emt 0:00:01]} Nbd7 {[%emt 0:00:04]} 9. O-O {[%emt 0:00:01]} g6 {[%emt 0:
00:01]} 10. Re1 {[%emt 0:00:05]} Bg7 {[%emt 0:00:03]} 11. h3 {[%emt 0:00:01]}
Bf5 {[%emt 0:00:07]} 12. Nd4 {[%emt 0:00:01]} Be4 {[%emt 0:00:23]} 13. Nxe4 {
[%emt 0:00:02]} Nxe4 {[%emt 0:00:00]} 14. Bf3 {[%emt 0:00:10]} Nec5 {[%emt 0:
00:12]} 15. b4 {[%emt 0:00:03]} Na6 {[%emt 0:00:05]} 16. Bg5 {[%emt 0:00:03]}
f6 {[%emt 0:00:06]} 17. Ne6 {[%emt 0:00:01]} Qc8 {[%emt 0:00:07]} 18. Nxg7+ {
[%emt 0:00:01]} Kf7 {[%emt 0:00:00]} 19. Bh6 {[%emt 0:00:06]} Nxb4 {[%emt 0:00:
06]} 20. d6 {[%emt 0:00:10]} cxd6 {[%emt 0:00:06]} 21. Bd5+ {[%emt 0:00:03]}
Kf8 {[%emt 0:00:11]} 22. Nf5+ {[%emt 0:00:18]} Ke8 {[%emt 0:00:10]} 23. Nxe7 {
[%emt 0:00:08]} Qc5 {[%emt 0:00:07]} 24. Nc6+ {[%emt 0:00:57]} Ne5 {[%emt 0:00:
10]} 25. Be3 {[%emt 0:00:10]} Qxe3 {[%emt 0:00:25]} 26. Rxe3 {[%emt 0:00:03]}
bxc6 {[%emt 0:00:01]} 27. Bf3 {[%emt 0:00:05]} Kd7 {[%emt 0:00:01]} 28. Rb1 {
[%emt 0:00:04]} Rab8 {[%emt 0:00:02]} 29. Qa4 {[%emt 0:00:09]} Nbd3 {[%emt 0:
00:10]} 30. Qxa7+ {[%emt 0:00:02]} Ke6 {[%emt 0:00:02]} 31. Rxb8 {[%emt 0:00:
01]} Rxb8 {[%emt 0:00:02]} 32. Qxb8 {[%emt 0:00:01]} Kf7 {[%emt 0:00:03]} 33.
Qxd6 {[%emt 0:00:04]} Nxc4 {[%emt 0:00:02]} 34. Re7+ {[%emt 0:00:02]} Kg8 {
[%emt 0:00:01]} 35. Qd8# {[%emt 0:00:00]} 1-0

[Event "Villarobledo Online Qualifyer"]
[Site "playchess.com #155672"]
[Date "2009.05.23"]
[Round "1"]
[White "Drift"]
[Black "Kendo"]
[Result "0-1"]
[WhiteElo "1809"]
[BlackElo "2691"]
[PlyCount "78"]
[EventDate "2009.05.23"]
[EventType "swiss (blitz)"]

1. d4 {[%emt 0:00:03]} e6 {[%emt 0:00:02]} 2. Nf3 {[%emt 0:00:05]} Nf6 {[%emt
0:00:04]} 3. e3 {[%emt 0:00:03]} b6 {[%emt 0:00:06]} 4. Bd3 {[%emt 0:00:02]}
Bb7 {[%emt 0:00:01]} 5. O-O {[%emt 0:00:01]} c5 {[%emt 0:00:04]} 6. c3 {[%emt
0:00:02]} Be7 {[%emt 0:00:06]} 7. b3 {[%emt 0:00:01]} O-O {[%emt 0:00:02]} 8.
Bb2 {[%emt 0:00:01]} d5 {[%emt 0:00:03]} 9. Ne5 {[%emt 0:00:02]} Qc8 {[%emt 0:
00:12]} 10. Nd2 {[%emt 0:00:02]} Ba6 {[%emt 0:00:04]} 11. c4 {[%emt 0:00:16]}
Nbd7 {[%emt 0:00:21]} 12. f4 {[%emt 0:00:05]} cxd4 {[%emt 0:00:09]} 13. exd4 {
[%emt 0:00:02]} Qb7 {[%emt 0:00:11]} 14. Ndf3 {[%emt 0:00:08]} Rac8 {[%emt 0:
00:05]} 15. Ng5 {[%emt 0:00:18]} h6 {[%emt 0:00:09]} 16. Ngxf7 {[%emt 0:00:05]}
Rxf7 {[%emt 0:00:02]} 17. Nxf7 {[%emt 0:00:01]} Kxf7 {[%emt 0:00:01]} 18. f5 {
[%emt 0:00:04]} exf5 {[%emt 0:00:14]} 19. Rxf5 {[%emt 0:00:13]} Kg8 {[%emt 0:
00:19]} 20. Qe2 {[%emt 0:00:09]} Bf8 {[%emt 0:00:03]} 21. Raf1 {[%emt 0:00:07]}
Re8 {[%emt 0:00:10]} 22. Qc2 {[%emt 0:00:05]} Qc7 {[%emt 0:00:06]} 23. cxd5 {
[%emt 0:00:16]} Qxc2 {[%emt 0:00:03]} 24. Bxc2 {[%emt 0:00:04]} Bxf1 {[%emt 0:
00:01]} 25. Kxf1 {[%emt 0:00:01]} Bd6 {[%emt 0:00:05]} 26. Bc1 {[%emt 0:00:06]}
Bxh2 {[%emt 0:00:05]} 27. Bd3 {[%emt 0:00:09]} Bd6 {[%emt 0:00:03]} 28. Bb5 {
[%emt 0:00:02]} Re4 {[%emt 0:00:13]} 29. Bb2 {[%emt 0:00:07]} Rf4+ {[%emt 0:00:
04]} 30. Rxf4 {[%emt 0:00:01]} Bxf4 {[%emt 0:00:00]} 31. Ke2 {[%emt 0:00:05]}
Bd6 {[%emt 0:00:02]} 32. Bc4 {[%emt 0:00:03]} Kf7 {[%emt 0:00:02]} 33. Kf3 {
[%emt 0:00:01]} g5 {[%emt 0:00:02]} 34. Bc1 {[%emt 0:00:03]} Nf8 {[%emt 0:00:
02]} 35. Be3 {[%emt 0:00:03]} Ng6 {[%emt 0:00:01]} 36. Ke2 {[%emt 0:00:02]} Ne7
{[%emt 0:00:02]} 37. Kd3 {[%emt 0:00:04]} Nexd5 {[%emt 0:00:02]} 38. a4 {[%emt
0:00:20]} Kg6 {[%emt 0:00:04]} 39. Bd2 {[%emt 0:00:08]} Nf4+ {[%emt 0:00:02]
Drift resigns} 0-1

[Event "Villarobledo Online Qualifyer"]
[Site "playchess.com #155672"]
[Date "2009.05.23"]
[Round "1"]
[White "PertsaPera"]
[Black "Orzechowski_Jac"]
[Result "0-1"]
[WhiteElo "1432"]
[BlackElo "2101"]
[PlyCount "64"]
[EventDate "2009.05.23"]
[EventType "swiss (blitz)"]

1. e4 {[%emt 0:00:03]} d6 {[%emt 0:00:02]} 2. d4 {[%emt 0:00:02]} Nf6 {[%emt 0:
00:01]} 3. Nc3 {[%emt 0:00:02]} Nbd7 {[%emt 0:00:01]} 4. f3 {[%emt 0:00:02]} e5
{[%emt 0:00:01]} 5. Be3 {[%emt 0:00:04]} Be7 {[%emt 0:00:01]} 6. d5 {[%emt 0:
00:06]} c6 {[%emt 0:00:02]} 7. Qd2 {[%emt 0:00:04]} cxd5 {[%emt 0:00:03]} 8.
Nxd5 {[%emt 0:00:03]} Nxd5 {[%emt 0:00:03]} 9. exd5 {[%emt 0:00:08]} O-O {
[%emt 0:00:15]} 10. O-O-O {[%emt 0:00:08]} a6 {[%emt 0:00:08]} 11. Ne2 {[%emt
0:00:06]} b5 {[%emt 0:00:02]} 12. f4 {[%emt 0:00:03]} exf4 {[%emt 0:00:05]} 13.
Bxf4 {[%emt 0:00:02]} Ne5 {[%emt 0:00:04]} 14. Nd4 {[%emt 0:00:08]} Bf6 {[%emt
0:00:09]} 15. Bxe5 {[%emt 0:00:10]} dxe5 {[%emt 0:00:10]} 16. Nc6 {[%emt 0:00:
10]} Qd6 {[%emt 0:00:05]} 17. Be2 {[%emt 0:00:09]} Re8 {[%emt 0:00:23]} 18. g4
{[%emt 0:00:03]} g6 {[%emt 0:00:12]} 19. g5 {[%emt 0:00:05]} Bg7 {[%emt 0:00:
01]} 20. h4 {[%emt 0:00:01]} Bb7 {[%emt 0:00:10]} 21. h5 {[%emt 0:00:12]} Bxc6
{[%emt 0:00:10]} 22. dxc6 {[%emt 0:00:01]} Qxc6 {[%emt 0:00:01]} 23. hxg6 {
[%emt 0:00:12]} hxg6 {[%emt 0:00:02]} 24. Qe3 {[%emt 0:00:11]} Rac8 {[%emt 0:
00:06]} 25. c3 {[%emt 0:00:55]} b4 {[%emt 0:00:04]} 26. Bf3 {[%emt 0:00:34]} e4
{[%emt 0:00:06]} 27. Bxe4 {[%emt 0:00:01]} Qxe4 {[%emt 0:00:09]} 28. Qh3 {
[%emt 0:00:04]} bxc3 {[%emt 0:00:12] '} 29. Qh7+ {[%emt 0:00:02]} Kf8 {[%emt 0:
00:01]} 30. bxc3 {[%emt 0:00:05]} Rxc3+ {[%emt 0:00:04]} 31. Kb2 {[%emt 0:00:
01]} Qc2+ {[%emt 0:00:04]} 32. Ka1 {[%emt 0:00:03]} Qc1+ {[%emt 0:00:19]
PertsaPera resigns} 0-1

[Event "Villarobledo Online Qualifyer"]
[Site "playchess.com #155672"]
[Date "2009.05.23"]
[Round "1"]
[White "Qirat"]
[Black "MONfma0211"]
[Result "1-0"]
[WhiteElo "2342"]
[BlackElo "1667"]
[PlyCount "73"]
[EventDate "2009.05.23"]
[EventType "swiss (blitz)"]

1. e4 {[%emt 0:00:01]} g6 {[%emt 0:00:01]} 2. d4 {[%emt 0:00:01]} Bg7 {[%emt 0:
00:01]} 3. Nc3 {[%emt 0:00:00]} Nc6 {[%emt 0:00:01]} 4. Nf3 {[%emt 0:00:01]} d6
{[%emt 0:00:00]} 5. Bc4 {[%emt 0:00:03]} Nf6 {[%emt 0:00:01]} 6. O-O {[%emt 0:
00:04]} O-O {[%emt 0:00:01]} 7. h3 {[%emt 0:00:01]} e5 {[%emt 0:00:10]} 8. d5 {
[%emt 0:00:05]} Ne7 {[%emt 0:00:01]} 9. Ne1 {[%emt 0:00:15]} Nh5 {[%emt 0:00:
08]} 10. Nd3 {[%emt 0:00:18]} f5 {[%emt 0:00:03]} 11. f4 {[%emt 0:00:07]} exf4
{[%emt 0:00:06]} 12. e5 {[%emt 0:00:08]} Kh8 {[%emt 0:00:26]} 13. e6 {[%emt 0:
00:18]} Bd4+ {[%emt 0:00:15]} 14. Kh2 {[%emt 0:00:05]} c6 {[%emt 0:00:10]} 15.
Nxf4 {[%emt 0:00:02]} Bg7 {[%emt 0:00:09]} 16. Nxh5 {[%emt 0:00:03]} gxh5 {
[%emt 0:00:01]} 17. Qxh5 {[%emt 0:00:14]} cxd5 {[%emt 0:00:01]} 18. Nxd5 {
[%emt 0:00:00]} Nxd5 {[%emt 0:00:04]} 19. Bxd5 {[%emt 0:00:02]} Qf6 {[%emt 0:
00:24]} 20. Bg5 {[%emt 0:00:39]} Qe5+ {[%emt 0:00:01]} 21. Bf4 {[%emt 0:00:01]}
Qxd5 {[%emt 0:00:02]} 22. e7 {[%emt 0:00:01]} Be6 {[%emt 0:00:11]} 23. exf8=Q+
{[%emt 0:00:03]} Rxf8 {[%emt 0:00:01]} 24. c3 {[%emt 0:00:06]} Rg8 {[%emt 0:00:
20]} 25. Rad1 {[%emt 0:00:09]} Bd4 {[%emt 0:00:05]} 26. g3 {[%emt 0:00:20]} Bf7
{[%emt 0:00:10]} 27. Rxd4 {[%emt 0:00:10]} Qxd4 {[%emt 0:00:02]} 28. Qxf7 {
[%emt 0:00:01]} Qg7 {[%emt 0:00:05]} 29. Qxg7+ {[%emt 0:00:03]} Rxg7 {[%emt 0:
00:01]} 30. Bxd6 {[%emt 0:00:00]} Rd7 {[%emt 0:00:02]} 31. Be5+ {[%emt 0:00:03]
} Kg8 {[%emt 0:00:02]} 32. Bd4 {[%emt 0:00:01]} b6 {[%emt 0:00:02]} 33. Rxf5 {
[%emt 0:00:01]} Re7 {[%emt 0:00:05]} 34. Re5 {[%emt 0:00:00]} Rd7 {[%emt 0:00:
06]} 35. Kg2 {[%emt 0:00:02]} Kf7 {[%emt 0:00:01]} 36. g4 {[%emt 0:00:01]} b5 {
[%emt 0:00:05]} 37. Rxb5 {[%emt 0:00:03] MONfma0211 rinde} 1-0

[Event "Villarobledo Online Qualifyer"]
[Site "playchess.com #155672"]
[Date "2009.05.23"]
[Round "1"]
[White "Tojobo"]
[Black "andrew wiles"]
[Result "0-1"]
[WhiteElo "1668"]
[BlackElo "2346"]
[PlyCount "72"]
[EventDate "2009.05.23"]
[EventType "swiss (blitz)"]

1. d4 {[%emt 0:00:01]} d5 {[%emt 0:00:02]} 2. Nf3 {[%emt 0:00:02]} c6 {[%emt 0:
00:02]} 3. c4 {[%emt 0:00:01]} e6 {[%emt 0:00:01]} 4. Nc3 {[%emt 0:00:02]} dxc4
{[%emt 0:00:01]} 5. a4 {[%emt 0:00:02]} Bb4 {[%emt 0:00:01]} 6. Qc2 {[%emt 0:
00:01]} b5 {[%emt 0:00:02]} 7. e3 {[%emt 0:00:02]} a6 {[%emt 0:00:02]} 8. Bd2 {
[%emt 0:00:02]} Bb7 {[%emt 0:00:01]} 9. Ne4 {[%emt 0:00:09]} Be7 {[%emt 0:00:
09]} 10. Nc5 {[%emt 0:00:08]} Bxc5 {[%emt 0:00:03]} 11. dxc5 {[%emt 0:00:01]}
Nd7 {[%emt 0:00:01]} 12. Bc3 {[%emt 0:00:12]} Ngf6 {[%emt 0:00:03]} 13. Bd4 {
[%emt 0:00:03]} O-O {[%emt 0:00:02]} 14. Be2 {[%emt 0:00:01]} Qe7 {[%emt 0:00:
02]} 15. axb5 {[%emt 0:00:16]} cxb5 {[%emt 0:00:09]} 16. b3 {[%emt 0:00:02]}
cxb3 {[%emt 0:00:07]} 17. Qxb3 {[%emt 0:00:01]} Nxc5 {[%emt 0:00:04]} 18. Qa3 {
[%emt 0:00:08]} b4 {[%emt 0:00:06]} 19. Qa5 {[%emt 0:00:09]} Nb3 {[%emt 0:00:
08]} 20. Qg5 {[%emt 0:00:02]} Nxa1 {[%emt 0:00:06]} 21. Bxa1 {[%emt 0:00:01]}
Be4 {[%emt 0:00:09]} 22. O-O {[%emt 0:00:04]} a5 {[%emt 0:00:03]} 23. Ne5 {
[%emt 0:00:02]} h6 {[%emt 0:00:07]} 24. Qg3 {[%emt 0:00:02]} a4 {[%emt 0:00:09]
} 25. Bb5 {[%emt 0:00:03]} b3 {[%emt 0:00:06]} 26. Bc6 {[%emt 0:00:02]} Bd5 {
[%emt 0:00:25]} 27. Nd7 {[%emt 0:00:09]} Ne8 {[%emt 0:00:39]} 28. Nxf8 {[%emt
0:00:09]} Bxc6 {[%emt 0:00:11]} 29. Rc1 {[%emt 0:00:09]} Bd5 {[%emt 0:00:15]}
30. Ng6 {[%emt 0:00:05]} fxg6 {[%emt 0:00:05]} 31. Qxg6 {[%emt 0:00:01]} a3 {
[%emt 0:00:05]} 32. e4 {[%emt 0:00:04]} b2 {[%emt 0:00:03]} 33. Bxb2 {[%emt 0:
00:03]} axb2 {[%emt 0:00:00]} 34. Rb1 {[%emt 0:00:03]} Ra1 {[%emt 0:00:03]} 35.
exd5 {[%emt 0:00:01]} Rxb1+ {[%emt 0:00:05]} 36. Qxb1 {[%emt 0:00:02]} Qa3 {
[%emt 0:00:02] Tojobo gibt auf} 0-1

[Event "Villarobledo Online Qualifyer"]
[Site "playchess.com #155672"]
[Date "2009.05.23"]
[Round "1"]
[White "Too Easy"]
[Black "Von Herman"]
[Result "0-1"]
[WhiteElo "1593"]
[BlackElo "2309"]
[PlyCount "88"]
[EventDate "2009.05.23"]
[EventType "swiss (blitz)"]

1. e4 {[%emt 0:00:02]} c6 {[%emt 0:00:02]} 2. d4 {[%emt 0:00:03]} d5 {[%emt 0:
00:01]} 3. Nd2 {[%emt 0:00:02]} dxe4 {[%emt 0:00:01]} 4. Nxe4 {[%emt 0:00:01]}
Bf5 {[%emt 0:00:01]} 5. Nc5 {[%emt 0:00:01]} b6 {[%emt 0:00:03]} 6. Nb3 {[%emt
0:00:02]} Nf6 {[%emt 0:00:03]} 7. Nf3 {[%emt 0:00:01]} Nbd7 {[%emt 0:00:01]} 8.
Be2 {[%emt 0:00:01]} e6 {[%emt 0:00:02]} 9. O-O {[%emt 0:00:01]} Bd6 {[%emt 0:
00:01]} 10. Re1 {[%emt 0:00:13]} O-O {[%emt 0:00:01]} 11. c3 {[%emt 0:00:04]}
Qc7 {[%emt 0:00:04]} 12. g3 {[%emt 0:00:22]} Rad8 {[%emt 0:00:04]} 13. Nh4 {
[%emt 0:00:01]} Be4 {[%emt 0:00:04]} 14. Nd2 {[%emt 0:00:03]} Bg6 {[%emt 0:00:
03]} 15. Nxg6 {[%emt 0:00:01]} hxg6 {[%emt 0:00:00]} 16. Nf3 {[%emt 0:00:01]}
c5 {[%emt 0:00:01]} 17. Be3 {[%emt 0:00:14]} Qb7 {[%emt 0:00:13]} 18. Qc2 {
[%emt 0:00:12]} cxd4 {[%emt 0:00:28]} 19. Nxd4 {[%emt 0:00:05]} Bc5 {[%emt 0:
00:12]} 20. Bf3 {[%emt 0:00:14]} Nd5 {[%emt 0:00:01]} 21. Bg2 {[%emt 0:00:12]}
Rc8 {[%emt 0:00:07]} 22. Qa4 {[%emt 0:00:34]} Bxd4 {[%emt 0:00:05]} 23. Bxd4 {
[%emt 0:00:07]} Qc7 {[%emt 0:00:01]} 24. Rac1 {[%emt 0:00:02]} N5f6 {[%emt 0:
00:06]} 25. Qd1 {[%emt 0:00:02]} Rfd8 {[%emt 0:00:01]} 26. Qf3 {[%emt 0:00:02]}
Nc5 {[%emt 0:00:02]} 27. Bxf6 {[%emt 0:00:05]} gxf6 {[%emt 0:00:02]} 28. Qxf6 {
[%emt 0:00:00]} Nd3 {[%emt 0:00:02]} 29. Rxe6 {[%emt 0:00:19]} fxe6 {[%emt 0:
00:02]} 30. Qxg6+ {[%emt 0:00:03]} Qg7 {[%emt 0:00:01]} 31. Qxe6+ {[%emt 0:00:
01]} Qf7 {[%emt 0:00:00]} 32. Qg4+ {[%emt 0:00:02]} Kf8 {[%emt 0:00:09]} 33.
Rf1 {[%emt 0:00:08]} Ne5 {[%emt 0:00:07]} 34. Qb4+ {[%emt 0:00:02]} Kg7 {[%emt
0:00:06]} 35. f4 {[%emt 0:00:07]} Nd3 {[%emt 0:00:07]} 36. Qe4 {[%emt 0:00:14]}
Nc5 {[%emt 0:00:03]} 37. Qe5+ {[%emt 0:00:06]} Qf6 {[%emt 0:00:02]} 38. Qe3 {
[%emt 0:00:09]} Rd3 {[%emt 0:00:03]} 39. Qe2 {[%emt 0:00:04]} Rcd8 {[%emt 0:00:
01]} 40. Re1 {[%emt 0:00:04]} Rd2 {[%emt 0:00:10]} 41. Qg4+ {[%emt 0:00:01]}
Kf8 {[%emt 0:00:03]} 42. Re2 {[%emt 0:00:13]} Rxe2 {[%emt 0:00:07]} 43. Qxe2 {
[%emt 0:00:00]} Qe6 {[%emt 0:00:06]} 44. b4 {[%emt 0:00:03]} Qxe2 {[%emt 0:00:
02] Too Easy abandonne} 0-1

[Event "Villarobledo Online Qualifyer"]
[Site "playchess.com #155672"]
[Date "2009.05.23"]
[Round "1"]
[White "DanyD"]
[Black "Africanchamp"]
[Result "0-1"]
[WhiteElo "1815"]
[BlackElo "2880"]
[PlyCount "76"]
[EventDate "2009.05.23"]
[EventType "swiss (blitz)"]

1. d4 {[%emt 0:00:02]} Nf6 {[%emt 0:00:03]} 2. c4 {[%emt 0:00:05]} e6 {[%emt 0:
00:05]} 3. g3 {[%emt 0:00:02]} d5 {[%emt 0:00:03]} 4. Nc3 {[%emt 0:00:06]} Be7
{[%emt 0:00:02]} 5. Bg2 {[%emt 0:00:06]} O-O {[%emt 0:00:01]} 6. c5 {[%emt 0:
00:04]} b6 {[%emt 0:00:02]} 7. cxb6 {[%emt 0:00:03]} axb6 {[%emt 0:00:02]} 8.
Nf3 {[%emt 0:00:01]} c5 {[%emt 0:00:04]} 9. e3 {[%emt 0:00:08]} Ba6 {[%emt 0:
00:01]} 10. Ne5 {[%emt 0:00:11]} Nfd7 {[%emt 0:00:10]} 11. Nd3 {[%emt 0:00:06]}
Nc6 {[%emt 0:00:01]} 12. dxc5 {[%emt 0:00:06]} Nxc5 {[%emt 0:00:01]} 13. Nxc5 {
[%emt 0:00:02]} bxc5 {[%emt 0:00:01]} 14. a3 {[%emt 0:00:08]} Ne5 {[%emt 0:00:
07]} 15. Bf1 {[%emt 0:00:08]} d4 {[%emt 0:00:03]} 16. Ne4 {[%emt 0:00:17]} Qb6
{[%emt 0:00:12]} 17. Bxa6 {[%emt 0:00:05]} Qxa6 {[%emt 0:00:01]} 18. Qe2 {
[%emt 0:00:43]} d3 {[%emt 0:00:12]} 19. Qd1 {[%emt 0:00:04]} Qb7 {[%emt 0:00:
05]} 20. f3 {[%emt 0:00:54]} c4 {[%emt 0:00:15]} 21. O-O {[%emt 0:00:04]} Rfd8
{[%emt 0:00:03]} 22. Rb1 {[%emt 0:00:05]} Bxa3 {[%emt 0:00:08]} 23. Bd2 {[%emt
0:00:03]} Bf8 {[%emt 0:00:07]} 24. Bc3 {[%emt 0:00:01]} Nc6 {[%emt 0:00:06]}
25. Qe1 {[%emt 0:00:01]} e5 {[%emt 0:00:15]} 26. g4 {[%emt 0:00:02]} Bb4 {
[%emt 0:00:10]} 27. Qh4 {[%emt 0:00:05]} Qe7 {[%emt 0:00:02]} 28. g5 {[%emt 0:
00:04]} Bxc3 {[%emt 0:00:03]} 29. bxc3 {[%emt 0:00:02]} Rab8 {[%emt 0:00:01]}
30. f4 {[%emt 0:00:02]} Rxb1 {[%emt 0:00:09]} 31. Rxb1 {[%emt 0:00:02]} exf4 {
[%emt 0:00:03]} 32. Qxf4 {[%emt 0:00:02]} Re8 {[%emt 0:00:07]} 33. Nd6 {[%emt
0:00:07]} Qxe3+ {[%emt 0:00:15] '} 34. Qxe3 {[%emt 0:00:01]} Rxe3 {[%emt 0:00:
00]} 35. Nxc4 {[%emt 0:00:00]} Re4 {[%emt 0:00:01]} 36. Nd6 {[%emt 0:00:01]}
Re6 {[%emt 0:00:05]} 37. Nc8 {[%emt 0:00:03]} d2 {[%emt 0:00:03]} 38. Na7 {
[%emt 0:00:01]} Re1+ {[%emt 0:00:02] Time} 0-1

[Event "Villarobledo Online Qualifyer"]
[Site "playchess.com #155672"]
[Date "2009.05.23"]
[Round "1"]
[White "Cemcakan3"]
[Black "Senad_tesanj"]
[Result "1-0"]
[WhiteElo "2220"]
[BlackElo "1582"]
[PlyCount "115"]
[EventDate "2009.05.23"]
[EventType "swiss (blitz)"]

1. d4 {[%emt 0:00:01]} d5 {[%emt 0:00:02]} 2. c4 {[%emt 0:00:01]} c6 {[%emt 0:
00:01]} 3. cxd5 {[%emt 0:00:01]} cxd5 {[%emt 0:00:01]} 4. Nc3 {[%emt 0:00:00]}
Nf6 {[%emt 0:00:01]} 5. Bf4 {[%emt 0:00:00]} a6 {[%emt 0:00:13]} 6. e3 {[%emt
0:00:02]} Nc6 {[%emt 0:00:01]} 7. Bd3 {[%emt 0:00:01]} e6 {[%emt 0:00:01]} 8.
Rc1 {[%emt 0:00:02]} h6 {[%emt 0:00:03]} 9. a3 {[%emt 0:00:07]} Bd6 {[%emt 0:
00:01]} 10. Bxd6 {[%emt 0:00:01]} Qxd6 {[%emt 0:00:01]} 11. f4 {[%emt 0:00:00]}
O-O {[%emt 0:00:03]} 12. Nf3 {[%emt 0:00:00]} b5 {[%emt 0:00:04]} 13. O-O {
[%emt 0:00:00]} Bb7 {[%emt 0:00:04]} 14. Ne5 {[%emt 0:00:01]} Nd7 {[%emt 0:00:
08]} 15. Bb1 {[%emt 0:00:06]} Ncxe5 {[%emt 0:00:02]} 16. fxe5 {[%emt 0:00:01]}
Qe7 {[%emt 0:00:03]} 17. Qd3 {[%emt 0:00:01]} g6 {[%emt 0:00:05]} 18. e4 {
[%emt 0:00:10]} Nb6 {[%emt 0:00:19]} 19. Qh3 {[%emt 0:00:04]} Kg7 {[%emt 0:00:
15]} 20. Qg3 {[%emt 0:00:30]} Rac8 {[%emt 0:00:19]} 21. h4 {[%emt 0:00:05]} Nc4
{[%emt 0:00:10]} 22. h5 {[%emt 0:00:05]} Nd2 {[%emt 0:00:14]} 23. Rf6 {[%emt 0:
00:13]} g5 {[%emt 0:00:10]} 24. Qe3 {[%emt 0:00:11]} Nxb1 {[%emt 0:00:05]} 25.
Rxb1 {[%emt 0:00:03]} b4 {[%emt 0:00:03]} 26. axb4 {[%emt 0:00:03]} Qxb4 {
[%emt 0:00:01]} 27. exd5 {[%emt 0:00:06]} Bxd5 {[%emt 0:00:08]} 28. Nxd5 {
[%emt 0:00:06]} exd5 {[%emt 0:00:01] Senad_tesanj offers a draw} 29. Qf2 {
[%emt 0:00:16]} Qb3 {[%emt 0:00:22]} 30. Rf1 {[%emt 0:00:06]} Qb7 {[%emt 0:00:
09]} 31. Rd6 {[%emt 0:00:03]} Qe7 {[%emt 0:00:08]} 32. Rxa6 {[%emt 0:00:10]}
Ra8 {[%emt 0:00:09]} 33. Rb6 {[%emt 0:00:08]} Rab8 {[%emt 0:00:05]} 34. Qf6+ {
[%emt 0:00:03]} Qxf6 {[%emt 0:00:01]} 35. Rfxf6 {[%emt 0:00:01]} Rxb6 {[%emt 0:
00:02]} 36. Rxb6 {[%emt 0:00:00]} f6 {[%emt 0:00:02]} 37. exf6+ {[%emt 0:00:03]
} Rxf6 {[%emt 0:00:01]} 38. Rxf6 {[%emt 0:00:01]} Kxf6 {[%emt 0:00:01]} 39. g4
{[%emt 0:00:00]} Ke6 {[%emt 0:00:02]} 40. Kf2 {[%emt 0:00:00]} Kd6 {[%emt 0:00:
00]} 41. Ke2 {[%emt 0:00:00]} Kc6 {[%emt 0:00:00]} 42. Kd2 {[%emt 0:00:00]} Kb5
{[%emt 0:00:00]} 43. Kc3 {[%emt 0:00:00]} Ka4 {[%emt 0:00:00]} 44. b4 {[%emt 0:
00:03]} Kb5 {[%emt 0:00:02]} 45. Kb3 {[%emt 0:00:00]} Ka6 {[%emt 0:00:04]} 46.
Ka4 {[%emt 0:00:01]} Kb6 {[%emt 0:00:00]} 47. b5 {[%emt 0:00:01]} Ka7 {[%emt 0:
00:02]} 48. Ka5 {[%emt 0:00:01]} Kb7 {[%emt 0:00:00]} 49. b6 {[%emt 0:00:00]}
Ka8 {[%emt 0:00:05]} 50. Kb5 {[%emt 0:00:01]} Kb7 {[%emt 0:00:01]} 51. Kc5 {
[%emt 0:00:01]} Ka6 {[%emt 0:00:02]} 52. Kc6 {[%emt 0:00:03]} Ka5 {[%emt 0:00:
01]} 53. b7 {[%emt 0:00:01]} Kb4 {[%emt 0:00:00]} 54. b8=Q+ {[%emt 0:00:02]}
Kc3 {[%emt 0:00:00]} 55. Kxd5 {[%emt 0:00:02]} Kd3 {[%emt 0:00:01]} 56. Qb3+ {
[%emt 0:00:02]} Kd2 {[%emt 0:00:01]} 57. Ke4 {[%emt 0:00:03]} Ke2 {[%emt 0:00:
01]} 58. Qc2+ {[%emt 0:00:01] Senad_tesanj resigns} 1-0